00000000nam##2200000za#4500
0019.570440
003CaOODSP
00520220302142611
007cr |||||||||||
008150406|2006||||xxc|||||o    f|0| 0 eng|d
040 |aCaOODSP|beng
043 |an-cn---
0861 |aIu182-2/2006-B-10E-PDF
1101 |aCanada. |bIndustry Canada. |bMicro-Economic Policy Analysis Branch.
24514|aThe determinants of training opportunities : |h[electronic resource]|beffects of human capital and firm characteristics / |c[by] Christian Belzil, Jorgen Hansen.
260 |aOttawa - Ontario : |bIndustry Canada.
300 |a44p.|breferences, tables
4901 |aSkills Research Initiative - Working paper series|v2006 B-10
546 |a(Résumé en français.)
590 |a12-10-Supp|b2012-03-23
7201 |aHansen, Jorgen
7201 |aBelzil, Christian
830#0|aSkills Research Initiative working paper series ;|v2006 B-10|w(CaOODSP)9.506390
85640|ahttp://publications.gc.ca|qPDF|s1.42 MB|uhttps://publications.gc.ca/collections/collection_2011/ic/Iu182-2-2006-B-10-eng.pdf|y2006 B-10
986 |aIC 60108